Promotion ideas for public libraries.

Bibliographic Details
Main Author: Wallace, Sarah Leslie
Format: Book
Language:English
Published: Chicago : American Library Association, 1953.
Subjects:

MARC

Tag First Indicator Second Indicator Subfields
LEADER 00000cam a2200000 4500
001 in00000059979
005 20151008051033.0
008 731102s1953 eng u
010 |a  52013518  
035 |a (OCoLC)00734278 
035 |9 AAG5216AM 
040 |c WSU  |d TXA  |d UtOrBLW 
049 |a TXAM  |c [222813] 
050 0 |a Z716.3  |b .W2 
092 |a 021.7  |b W194p 
100 1 |a Wallace, Sarah Leslie. 
245 1 0 |a Promotion ideas for public libraries. 
264 1 |a Chicago :  |b American Library Association,  |c 1953. 
300 |a 82 pages 
336 |a text  |b txt  |2 rdacontent 
337 |a unmediated  |b n  |2 rdamedia 
338 |a volume  |b nc  |2 rdacarrier 
650 0 |a Advertising  |x Libraries. 
999 |a MARS 
999 f f |s a1ba792e-905b-31cb-aef4-84ae4f31ca3a  |i 2e34e276-1a57-3153-98f1-4605986bcf08  |t 0 
952 f f |p ric  |a Texas A&M University  |b Rellis Campus  |c Joint Library Facility  |d Remote Storage  |t 0  |e Z716.3 W2  |h Library of Congress classification  |i unmediated -- volume  |m A14826313999 
998 f f |a Z716.3 W2  |t 0  |l Remote Storage